| 000 | 00582nam a22002177a 4500 | ||
|---|---|---|---|
| 001 | BD-DhSAU 3039 | ||
| 003 | BD-DhSAU | ||
| 005 | 20150203145317.0 | ||
| 008 | 150203b1989 ii a|||| |||| 001 0 eng d | ||
| 020 | _a8120404033 | ||
| 040 | _aBD-DhSAU | ||
| 082 |
_222 _a581.50202 _bMIM |
||
| 100 | _aMisra, K. C. | ||
| 245 |
_aManual of plant ecology / _cK. C. Misra |
||
| 250 | _a3rd ed. | ||
| 260 |
_aNew delhi : _bOxford & IBH publishing co. ; _cc1989. |
||
| 300 |
_axv, 491 p.: _bill. , _c21 cm. |
||
| 504 | _aIncludes bibliography and index | ||
| 590 | _aIMRAN | ||
| 650 | _aBotany | ||
| 942 |
_2ddc _cBOOK |
||
| 999 |
_c3039 _d3039 |
||